1127 1952 1909 1619 1115 1065 1271 1553 1538 1341 1044 1993 1292 1904 1586 1712 1875 1920 1473 1842 1834 1384 1501 1670 1079 1756 1985 1753 1828 1223 1348 1128 1599 1005 1587 1661 1755 1525 1982 1296 1206 1185 1799 1468 1595 1041 1627 1165 1216 1299 1017 1223 1005 1029 1944 1048 1376 1341 1172 1802 1501 1710 1011 1354 1045 1031 1613 1835 1003 1605 1189 1097 1887 1741 1248 1826 1385 1877 1410 1625 1883 1518 1911 1113 1217 1862 1370 1973 1398 1314 1254 1395 1675 1035 1502 1542 1316 1882 1413 BCNSPRNW ULIB Ver.6.0+V

เปลี่ยนเป็นภาษาไทย

Change to English
 แสดงรายละเอียดบรรณานุกรม
  กลับหน้าหลัก

Brief Record : Get Marc (ISO 2709) : E-mail record : QR code < ปิดหน้าต่าง
LEADER : 00000nam 2200000uu 4500
001    13399129047
003     ULIB
008    020711s2567 th a 000 0 tha d
020    ^a9786164263604
060    ^aWY150^bธ582ก
100 0  ^aธิดารัตน์ คำบุญ
245    ^aการพยาบาลผู้ป่วยมะเร็งปอด (Nursing Care for Patients with Lung Cancer)/^cธิดารัตน์ คำบุญ
250    ^aพิมพ์ครั้งที่ 1
260    ^aพิษณุโลก :^bมหาวิทยาลัยนเรศวร,^c2567
300    ^a498 หน้า
650    ^aปอด^xมะเร็ง^xการพยาบาล
945    ^p560^l0^i011697
945    ^p560^l0^i011698
945    ^p560^l0^i011699
945    ^p560^l0^i011700
945    ^p560^l0^i011701
999    ^aประนอม เกษจรัล
รายการนี้ยังไม่มีแท็ก
คุณยังไม่ได้ล็อกอิน คุณสามารถมีกิจกรรมร่วมกับเว็บไซต์ได้ แต่ต้องล็อกอินก่อน ::
  ล็อกอิน

รายการสื่อสารสนเทศ

ลำดับที่ ประเภท เลขเรียก/บาร์โค้ด สถานที่ สถานะ
1. Book การพยาบาล
หนังสือสำรอง
สถานะ=หนังสือสำรอง
WY150 ธ582ก ฉ.1 
  Barcode: 011697
ห้องสมุดวิทยาเขตสวรรค์ประชารักษ์
►หนังสือทั่วไป
บนชั้น
2. Book การพยาบาล
Book การพยาบาล
WY150 ธ582ก ฉ.2 
  Barcode: 011698
ห้องสมุดวิทยาเขตสวรรค์ประชารักษ์
►หนังสือทั่วไป
บนชั้น
3. Book การพยาบาล
Book การพยาบาล
WY150 ธ582ก ฉ.3 
  Barcode: 011699
ห้องสมุดวิทยาเขตสวรรค์ประชารักษ์
►หนังสือทั่วไป
บนชั้น
4. Book การพยาบาล
Book การพยาบาล
WY150 ธ582ก ฉ.4 
  Barcode: 011700
ห้องสมุดวิทยาเขตสวรรค์ประชารักษ์
►หนังสือทั่วไป
บนชั้น
5. Book การพยาบาล
Book การพยาบาล
WY150 ธ582ก ฉ.5 
  Barcode: 011701
ห้องสมุดวิทยาเขตสวรรค์ประชารักษ์
►หนังสือทั่วไป
บนชั้น

รายการใกล้เคียง
    ผู้แต่ง [ธิดารัตน์ คำบุญ]

BibComment


ยังไม่เคยถูกคอมเมนท์

คอมเมนท์ทรัพยากรรายการนี้
  คอมเมนท์: การพยาบาลผู้ป่วย..


 Copyright 2026. Bcnsprnw @Library